Lanean...

Vishnu puranam /

Xehetasun bibliografikoak
Beste egile batzuk: Krishnankutty, K.
Formatua: Printed Book
Hizkuntza:English
Argitaratua: Kodungallur: Devi Books, 2013.
Gaiak:
LEADER 00523 a2200157 4500
008 150103s9999 000 0 eng
082 |a 294.5925  
245 |a Vishnu puranam / 
260 |a Kodungallur:  |b Devi Books,  |c 2013. 
300 |a 301 p. 
650 |a Puranas- 
653 |a Hinduism-Religion 
700 |a Krishnankutty, K. 
942 |c BK 
999 |c 307772  |d 307772 
952 |0 0  |1 0  |2 ddc  |4 0  |6 M_294_592500000000000_KRI_VI  |7 0  |9 353209  |a DRA  |b DRA  |c ST1  |d 2016-01-04  |i 9025  |l 0  |o M 294.5925 KRI/VI  |p DRA9025  |r 2019-01-03  |v 140.00  |w 2019-01-03  |y BK